| 000 | 00639nam a2200193 a 4500 | ||
|---|---|---|---|
| 005 | 20230318063625.0 | ||
| 008 | 991125s1971 es 000 0 spa u | ||
| 020 | _a842490415X | ||
| 035 | _aUPN01000034690 | ||
| 049 | _aCG | ||
| 050 | 4 |
_aP123 _bM3.48 |
|
| 100 | 1 |
_aMartinet, André, _d1908-1999 _929220 |
|
| 245 | 1 | 3 |
_aEl lenguaje desde el punto de vista funcional / _cAndré Martinet ; tr. Ma. Rosa Lafuente de Vicuña. |
| 260 |
_aMadrid : _bGredos, _c1971. |
||
| 300 | _a216 p. | ||
| 440 | 0 |
_aBiblioteca románica hispánica II. _pEstudios y ensayos ; _v150 |
|
| 650 | 4 |
_aLenguaje y lenguas _xEstudio y enseñanza _96150 |
|
| 905 | _aLibro | ||
| 999 |
_c34690 _d34690 |
||